| 000 | 00433nam a22001697a 4500 | ||
|---|---|---|---|
| 003 | NUST - PNEC | ||
| 005 | 20170116180910.0 | ||
| 008 | 150903b xxu||||| |||| 00| 0 eng d | ||
| 020 | _a9788131734483 | ||
| 040 | _cLIBRARY | ||
| 082 | _a621.3815 FLO | ||
| 100 |
_96947 _aFloyd, Thomas L. |
||
| 245 |
_aDigital fundamentals _cThomas L,Floyd |
||
| 250 | _a10th ed. | ||
| 650 |
_96949 _aDigital electronics _xEE, EL |
||
| 942 |
_2ddc _cBK |
||
| 999 |
_c65228 _d65228 |
||